Высокоскоростная цифровая обработка сигналов и проектирование аналоговых систем: пер. с англ.

Bibliographische Detailangaben
1. Verfasser: Чан Т. Танг
Zusammenfassung:Книга основана на 25-летнем опыте работы Танг Т.Чан в области высокоскоростной цифровой обработки сигналов и компьютерных систем, а также на его курсах по проектированию цифровых и аналоговых систем в Университете Раиса (Техас, США). Издание содержит практические советы для инженеров по экономичному конструированию, системному моделированию и эффективной прак тике проектирования цифровых и аналоговых систем. В книге приведены при меры проектирования аудио-, видео- и аналоговых фильтров, памяти DDR и блоков питания. Книга предназначена для студентов старших курсов и аспирантов, исследователей и профессионалов в области обработки сигналов и системного проектирования.
Sprache:Russisch
Veröffentlicht: Москва, Техносфера, 2013
Schriftenreihe:Мир радиоэлектроники
Schlagworte:
Format: Buch
KOHA link:https://koha.lib.tpu.ru/cgi-bin/koha/opac-detail.pl?biblionumber=234850

MARC

LEADER 00000nam0a2200000 4500
001 234850
005 20231101231344.0
010 |a 9785948363400 
035 |a (RuTPU)RU\TPU\book\255979 
090 |a 234850 
100 |a 20130401d2013 km y0rusy50 ca 
101 0 |a rus 
102 |a RU 
105 |a a z 001zy 
200 1 |a Высокоскоростная цифровая обработка сигналов и проектирование аналоговых систем  |e пер. с англ.  |f Т. Чан 
210 |a Москва  |c Техносфера  |d 2013 
215 |a 188 с.  |c ил. 
225 1 |a Мир радиоэлектроники 
320 |a Библиография в конце глав. 
330 |a Книга основана на 25-летнем опыте работы Танг Т.Чан в области высокоскоростной цифровой обработки сигналов и компьютерных систем, а также на его курсах по проектированию цифровых и аналоговых систем в Университете Раиса (Техас, США). Издание содержит практические советы для инженеров по экономичному конструированию, системному моделированию и эффективной прак тике проектирования цифровых и аналоговых систем. В книге приведены при меры проектирования аудио-, видео- и аналоговых фильтров, памяти DDR и блоков питания. Книга предназначена для студентов старших курсов и аспирантов, исследователей и профессионалов в области обработки сигналов и системного проектирования. 
606 1 |a Сигналы  |x Цифровая обработка  |2 stltpush  |3 (RuTPU)RU\TPU\subj\67734  |9 83426 
610 1 |a проектирование 
610 1 |a высокоскоростные системы 
610 1 |a линии передачи 
610 1 |a перекрестные помехи 
610 1 |a питание 
610 1 |a развязка 
610 1 |a фазовая автоподстройка частоты 
610 1 |a ФАПЧ 
610 1 |a данные 
610 1 |a преобразователи 
610 1 |a аналоговые фильтры 
610 1 |a печатные платы 
610 1 |a динамическая память 
610 1 |a электромагнитные помехи 
610 1 |a источники 
675 |a 621.372.037  |v 3 
700 1 |a Чан  |b Т.  |g Танг 
801 1 |a RU  |b 63413507  |c 20130401 
801 2 |a RU  |b 63413507  |c 20160913  |g RCR 
900 |a Цифровая обработка сигналов и изображений 
942 |c BK 
959 |a 61/20130327  |d 2  |e 583,00  |f ЧЗТЛ:1  |f АНЛ:1